Arbre Généalogique Weasley (Harry Potter) - Statistiques

Statistiques générales
  • Ce quiz a été pris 3 069 fois
  • Le résultat moyen est 26 sur 40
Statistiques - réponses
Réponse % Correct
Fred
97%
Ronald
97%
George
96%
Ginerva
96%
Molly
96%
Arthur
95%
William
93%
Percy
92%
Charlie
88%
Hermione
88%
Harry
87%
Albus
83%
James
82%
Lily
82%
Fleur
79%
Rose
79%
Hugo
70%
Severus
69%
Potter
66%
Weasley
66%
Granger
65%
Angelina
64%
Sirius
63%
Delacour
59%
Luna
58%
Victoire
54%
Fred II
52%
Molly II
48%
Billius
47%
Johnson
45%
Louis
43%
Dominique
42%
Granger - Weasley
41%
Jean
41%
Roxanne
39%
Prewett
38%
Lucy
36%
Audrey
32%
Isabelle
14%
Ignatius
10%
Aucun quiz correspondant
Distribution des résultats
% des personnes avec chaque résultat
Percentile par nombre de réponses
Votre historique - résultats
Vous n’avez pas pris ce quiz